| 000 | 01114nam a22002657a 4500 | ||
|---|---|---|---|
| 005 | 20100806110053.0 | ||
| 010 | _aHIN-90014 | ||
| 020 |
_c150.00 _a81875420603 |
||
| 035 | _aHN-62360 | ||
| 037 | _bDBAD / PUB | ||
| 082 | _a808.84 | ||
| 100 |
_aराघव प्रकाश _925013 |
||
| 245 |
_aचयनित हिंदी निबंध / _cराघव प्रकाश |
||
| 246 |
_aChayanit Hindi Nibandh _bby Raghava Prakash |
||
| 250 | _a4था संस्क. | ||
| 260 |
_aजयपुर _bपिंक सिटी पब्लिशर्स _c2004 |
||
| 270 |
_aराम भवन, चौड़ा रास्ता _bजयपुर _e302003 |
||
| 300 |
_a280पृ _c22सेमी (सजिल्द) |
||
| 650 |
_aहिन्दी निबंध _925014 |
||
| 650 |
_aHindi Essay _925015 |
||
| 700 | _97228 | ||
| 700 | _97267 | ||
| 942 |
_adpl _cHN _k _2ddc _mराघव _h808.84 |
||
| 999 |
_c39623 _d39623 |
||